000 01171nam0a22003011 4500
001 rc\4107224
005 20250611093447.0
021 _aRU
_b[49-25556]
035 _a(NLR Aleph) 008142971
090 _a9496292
_c9496292
100 _a20130415d1949 |||y0rusy50 ca
101 0 _arus
102 _aRU
105 _aa z |||||
200 1 _aВысадочные и обрезные прессы-автоматы
210 _aМосква
_cИзд-во и 1-я тип. Машгиза в Л.
_d1949
215 _a255 с., 2 л. схем.
_cил.
_d26
300 _aПеред загл. авт.: Г.А. Навроцкий, канд. техн. наук
320 _aБиблиогр.: с. 250-251
606 _aПрессы-автоматы
_xКонструкция и расчет
_2psbo
606 _aПрессы полуавтоматы
_xКонструкция и расчет
_2psbo
700 1 _7ca
_8rus
_aНавроцкий
_bГ. А.
_f1908-1993
_gГеоргий Александрович
_9265754
_3RU\NLR\AUTH\770265810
801 0 _aRU
_bNLR
_gpsbo
801 1 _aRU
_bELAR
_2rusmarc
852 _aNLR
_jТ36 Г-7/197
942 _cBOOK
980 _aNB